000 00629nam a2200193Ia 4500
003 OSt
005 20260311095455.0
020 _a978-1-59941-397-6
040 _cLC
050 _aKF 250 .M 87 2009
100 _aMurray ,Michael D.
245 0 _aAdvanced Legal Writing and Oral Advocacy: Trials appeals, and moot court
260 _aNew York,
_bThomson Reuters Foudation Press,
_c2009,
300 _aXVi, 562 p, ill
500 _aIncludes index
650 _aLegal composition, Oral pleading-United States, Motions (Law)-United States, Legal briefs-United States
700 _aDesanctis Christy Hallam
942 _cBK
_2lcc
999 _c163504
_d163504